000
00203 a2200097 4500
001
16376
100
_a
Bush, G A
245
_a
Foundations of maths
260
_a
_b
Mc Graw Hill
_c
090
_c
12500
_d
12500
942
_a
NUST-CAE
_c
M
_c
2782
999
_c
251449
_d
251449